00549nam a2200193Ia 4500008004100000020001500041082001600056100002200072245002200094250000800116260002700124300001100151500002400162650001600186700002800202942000700230952010300237999001500340230524s9999 xx 000 0 und d a8125913831 a621.38bBAS aB.Basavaraj92512 0aBasic Electronics a2ND aNEW DELHIbVikasc2002 aMQP-55 aQuantity Number: 1 aElectronics a H.N.Shivashankar92513 cBK 00104070aTATCLbTATCLcGENd2023-05-24l0o621.38 BASp6240r2023-05-24w2023-05-24yBKzBE2102 c4423d4423